[Event "Capablanca Memorial op-B 45th"]
[Site "Havana"]
[Date "2011.05.17"]
[Round "6"]
[White "Bolanos, Cristian"]
[Black "Perez Bohigas, Lays Monica"]
[Result "1-0"]
[WhiteElo "1905"]
[BlackElo "2056"]
[PlyCount "47"]
[EventDate "2011.05.11"]
[EventType "swiss"]
[EventRounds "7"]
[EventCountry "CUB"]
[SourceTitle "CBM 142 Extra"]
[Source "ChessBase"]
[SourceDate "2011.06.27"]
[SourceVersion "1"]
[SourceVersionDate "2011.06.27"]
[SourceQuality "1"]

1. e4 e5 2. Bc4 Nf6 3. d3 c6 4. Nf3 d5 5. exd5 cxd5 6. Bb5+ Bd7 7. Bxd7+ Nbxd7 8. 0-0 Bc5 9. d4 Bxd4 10. Nxd4 exd4 11. Re1+ Kf8 12. Qxd4 Qb6 13. Be3 Re8 14. Nd2 Re6 15. Nb3 Qxd4 16. Nxd4 Re8 17. Nb5 Rc8 18. c3 a6 19. Nd6 Rc7 20. Bd4 b5 21. a4 Rc6 22. Nf5 Re6 23. axb5 axb5 24. Ra8+ 1-0

[Event "Capablanca Memorial op-B 45th"]
[Site "Havana"]
[Date "2011.05.14"]
[Round "4"]
[White "Rodriguez Caballero, Mayrelis"]
[Black "Bolanos, Cristian"]
[Result "1-0"]
[WhiteElo "2034"]
[BlackElo "1905"]
[PlyCount "71"]
[EventDate "2011.05.11"]
[EventType "swiss"]
[EventRounds "7"]
[EventCountry "CUB"]
[SourceTitle "CBM 142 Extra"]
[Source "ChessBase"]
[SourceDate "2011.06.27"]
[SourceVersion "1"]
[SourceVersionDate "2011.06.27"]
[SourceQuality "1"]

1. e4 e6 2. d4 d5 3. Nc3 Nf6 4. e5 Nfd7 5. Nf3 Be7 6. Bd3 c5 7. dxc5 Nxc5 8. 0-0 Nc6 9. Be3 0-0 10. Bxc5 Bxc5 11. a3 f5 12. b4 Bb6 13. Na4 Bc7 14. Re1 Kh8 15. Qd2 Rg8 16. Ng5 Qe7 17. f4 h6 18. Re3 g6 19. Rh3 Kg7 20. Nf3 Rh8 21. Nc5 Bb6 22. Kh1 h5 23. Nb3 Bd7 24. c4 dxc4 25. Bxc4 Rad8 26. Nc5 Bxc5 27. bxc5 Bc8 28. Qf2 Na5 29. Ba2 Rd3 30. Nd4 Rxh3 31. gxh3 b6 32. Rc1 bxc5 33. Rxc5 Bb7+ 34. Kg1 Rc8 35. Nxe6+ Kh6 36. Qg3 1-0

[Event "Pan American-ch U20"]
[Site "Riobamba"]
[Date "2007.08.21"]
[Round "6"]
[White "Bolanos, Cristian"]
[Black "Cardenas, Juan Carlos"]
[Result "1/2-1/2"]
[WhiteElo "2048"]
[BlackElo "1866"]
[PlyCount "65"]
[EventDate "2007.08.18"]
[EventType "swiss"]
[EventRounds "9"]
[EventCountry "ECU"]
[SourceTitle "CBM 120 Extra"]
[Source "ChessBase"]
[SourceDate "2007.11.01"]
[SourceVersion "1"]
[SourceVersionDate "2007.11.01"]
[SourceQuality "1"]

1. e4 c5 2. Nf3 Nf6 3. Nc3 d5 4. exd5 Nxd5 5. Ne4 Qc7 6. Be2 g6 7. d4 c4 8. c3 Bd7 9. Ne5 b5 10. a4 Bg7 11. Nxd7 Nxd7 12. axb5 0-0 13. 0-0 N7b6 14. f4 Rad8 15. Nc5 e6 16. Rf3 Rfe8 17. h4 Kh8 18. h5 gxh5 19. Qf1 Bh6 20. Bxc4 Nxc4 21. Qxc4 Nxf4 22. Bxf4 Bxf4 23. Qf1 e5 24. Na6 Qe7 25. Rxf4 exf4 26. Qxf4 Rg8 27. Nb4 Rg4 28. Nc6 Qh4 29. Qf2 Qxf2+ 30. Kxf2 Rdg8 31. d5 Rxg2+ 32. Kf3 Rxb2 33. Nxa7 1/2-1/2

[Event "Pan American-ch U18"]
[Site "Cuenca"]
[Date "2006.??.??"]
[Round "4"]
[White "Liu, Elliott"]
[Black "Bolanos, Cristian"]
[Result "1-0"]
[WhiteElo "2139"]
[BlackElo "2005"]
[PlyCount "45"]
[EventDate "2006.08.??"]
[EventType "swiss"]
[EventRounds "9"]
[EventCountry "ECU"]
[SourceTitle "EXT 2008"]
[Source "ChessBase"]
[SourceDate "2007.11.25"]
[SourceVersion "1"]
[SourceVersionDate "2007.11.25"]
[SourceQuality "1"]

1. e4 c5 2. Nc3 e6 3. Nf3 Nc6 4. d4 cxd4 5. Nxd4 a6 6. Be2 Nf6 7. Nxc6 bxc6 8. e5 Ng8 9. 0-0 d5 10. exd6 Bxd6 11. Ne4 Bc7 12. Bg5 Qxd1 13. Raxd1 h6 14. Bh4 f5 15. Bh5+ Kf8 16. Bd8 Bxh2+ 17. Kxh2 fxe4 18. Bb6 Ke7 19. Bc5+ Kf6 20. Rd8 Bb7 21. Rfd1 Kg5 22. R8d7 Kxh5 23. Kg3 1-0